|
|
|
|
| LEADER |
00000nab a2200000 a 4500 |
| 001 |
vtls008160179 |
| 003 |
SK-MaSNL |
| 005 |
20260304140028.0 |
| 008 |
250505c2005 xo mr|p|||||||000 b|slo |
| 015 |
|
|
|a SNBRB2005/06
|2 snkbucl
|
| 035 |
|
|
|a (uuid)de4b5309-79b8-434d-8c7b-a2453e7c1ff1
|
| 035 |
|
|
|a urn:nbn:sk:snk-abv6s
|
| 035 |
|
|
|a (urnnbn)urn:nbn:sk:snk:ar-a05a9n
|
| 038 |
|
|
|a SNKBUCL
|
| 040 |
|
|
|a SNKBUCL
|b slo
|c SNKBUCL
|e AACR2
|
| 041 |
0 |
|
|a slo
|
| 044 |
|
|
|a xo
|c SK
|
| 080 |
|
|
|a 681.775:004
|2 1997
|
| 080 |
|
|
|a 621.397
|2 1997
|
| 080 |
|
|
|a 778.27
|2 1997
|
| 080 |
|
|
|a 004
|2 1997
|
| 100 |
1 |
|
|a Valter, Matúš
|4 aut
|9 1057826
|
| 245 |
1 |
0 |
|a Nová zobrazovacia technológia v kompaktnom tele
|b Canon XEED SX50
|c Matúš Valter
|
| 650 |
0 |
7 |
|a Canon XEED SX50 (datavideoprojektor)
|2 snkbucl
|9 1456002
|
| 650 |
0 |
7 |
|a datavideoprojektory
|2 snkbucl
|9 1418194
|
| 773 |
0 |
|
|t PC revue
|g Roč. XIII, č. 2 (2005), s. 56
|x 1335-0226
|
| 850 |
|
|
|a Slovenská národná knižnica
|
| 852 |
|
|
|a Slovenská národná knižnica
|
| 954 |
|
|
|a odborná, vedecká literatúra pôvodná (slovenská)
|2 lita
|
| 958 |
|
|
|a article27
|
| 958 |
|
|
|a OND
|
| 958 |
|
|
|a EUIPO
|
| 999 |
|
|
|c 2913239
|d 2915169
|